Normal view
MARC view
Entry Personal Name
001 - CONTROL NUMBER
- control field: 824609
003 - CONTROL NUMBER IDENTIFIER
- control field: OSt
005 - DATE AND TIME OF LATEST TRANSACTION
- control field: 20250923144416.0
008 - FIXED-LENGTH DATA ELEMENTS
- fixed length control field: 250923|| aca||aabn | a|a d
040 ## - CATALOGING SOURCE
- Original cataloging agency: OSt
- Transcribing agency: OSt
100 ## - HEADING--PERSONAL NAME
- Personal name: Keilhau, W
670 ## - SOURCE DATA FOUND
- Source citation: Work cat.: (OSt)1438498: Keilhau, W , Principles of private and public planning, 1951
